مكتبة جامعة عجلون الوطنية

فهرس بحث المكتبة

فاعلية برنامج تدريبي قائم على الألعاب التعاونية التعليمية لتنمية المهارات الاجتماعية لدى الطلبة ذوي صعوبات التعلم = The Effectiveness of A training Program Based on Educational Cooperative Games to Develop Social Skills among Students with Learning Disabilities / (Record no. 33942)

MARC details
000 -LEADER
fixed length control field 01284nam a22002057a 4500
003 - CONTROL NUMBER IDENTIFIER
control field JO-AjAnu
005 - DATE AND TIME OF LATEST TRANSACTION
control field 20250715104741.0
008 - FIXED-LENGTH DATA ELEMENTS--GENERAL INFORMATION
fixed length control field 250715b jo ||||| |||| 00| 0 ara d
040 ## - CATALOGING SOURCE
Original cataloging agency JO-AjAnu
Language of cataloging ara
Transcribing agency JO-AjAnu
Modifying agency JO-AjAnu
Description conventions rda
041 ## - LANGUAGE CODE
Language code of text/sound track or separate title ara
Language code of original ara
050 ## - LIBRARY OF CONGRESS CALL NUMBER
Classification number LC4704
Item number 2025
100 #1 - MAIN ENTRY--PERSONAL NAME
Personal name ابو سريه، علاء مشرف
Relator term معد
9 (RLIN) 66588
245 #0 - TITLE STATEMENT
Title فاعلية برنامج تدريبي قائم على الألعاب التعاونية التعليمية لتنمية المهارات الاجتماعية لدى الطلبة ذوي صعوبات التعلم = The Effectiveness of A training Program Based on Educational Cooperative Games to Develop Social Skills among Students with Learning Disabilities /
Statement of responsibility, etc. اعداد علاء مشرف ابو سريه ؛ اشراف فيصل عيسى نواصرة
260 ## - PUBLICATION, DISTRIBUTION, ETC.
Date of publication, distribution, etc. 2025
300 ## - PHYSICAL DESCRIPTION
Extent 98 ورقة
504 ## - BIBLIOGRAPHY, ETC. NOTE
Bibliography, etc. note رسالة جامعية(رسالة ماجستير)- جامعة عجلون الوطنية(عجلون، الاردن)-كلية العلوم التربوية، قسم التربية الخاصة ،تخصص صعوبات التعلم،2025.
650 70 - SUBJECT ADDED ENTRY--TOPICAL TERM
Topical term or geographic name entry element صعوبات التعلم-جوانب اجتماعية
9 (RLIN) 66589
700 #1 - ADDED ENTRY--PERSONAL NAME
Personal name النواصرة، فيصل عيسى.
Relator term مشرف
9 (RLIN) 65078
942 ## - ADDED ENTRY ELEMENTS (KOHA)
Source of classification or shelving scheme Library of Congress Classification
Koha item type Thesis
Suppress in OPAC No
Holdings
Withdrawn status Lost status Source of classification or shelving scheme Damaged status Not for loan Home library Current library Date acquired Total Checkouts Full call number Barcode Date last seen Price effective from Koha item type
    Library of Congress Classification     مكتبة جامعة عجلون الوطنية مكتبة جامعة عجلون الوطنية 15/07/2025   LC4704 2025 a30273 15/07/2025 15/07/2025 Thesis
    Library of Congress Classification     مكتبة جامعة عجلون الوطنية مكتبة جامعة عجلون الوطنية 15/07/2025   LC4704 2025 a30274 15/07/2025 15/07/2025 Thesis